000 00310nam a22001457a 4500
008 210302b ||||| |||| 00| 0 eng d
020 _a9780609802953
041 _aeng
080 _a038
082 _a038
100 _a23
101 _aFJA
245 _aItalian Dictionary
_cMartin, G. A
942 _2udc
_cBK
999 _c55479
_d55479